[Event "escc2023_50"]
[Site "?"]
[Date "2023.05.30"]
[Round "5.23"]
[White "Bub, Volker"]
[Black "Thoux, Claudio"]
[Result "1-0"]
[BlackElo "1896"]
[WhiteElo "2079"]
[LiveChessVersion "1.4.8"]

1. Nf3 {[%clk 1:30:57]} d5 {[%clk 1:29:29]} 2. g3 {[%clk 1:31:19]} Nf6
{[%clk 1:29:47]} 3. Bg2 {[%clk 1:31:41]} g6 {[%clk 1:29:34]} 4. O-O
{[%clk 1:32:01]} Bg7 {[%clk 1:30:03]} 5. c3 {[%clk 1:32:03]} O-O {[%clk 1:29:55]}
6. d3 {[%clk 1:32:28]} c5 {[%clk 1:24:55]} 7. Qa4 {[%clk 1:31:44]} Nc6
{[%clk 1:21:04]} 8. Qh4 {[%clk 1:31:52]} Qd7 {[%clk 1:15:28]} 9. h3
{[%clk 1:25:46]} e5 {[%clk 0:57:22]} 10. e4 {[%clk 1:18:32]} d4 {[%clk 0:51:33]}
11. c4 {[%clk 1:17:32]} Qc7 {[%clk 0:46:36]} 12. Bh6 {[%clk 1:10:12]} Nb4
{[%clk 0:45:41]} 13. Ne1 {[%clk 1:06:47]} Nh5 {[%clk 0:45:47]} 14. Bxg7
{[%clk 1:06:54]} Kxg7 {[%clk 0:38:14]} 15. Bf3 {[%clk 0:58:59]} Nf6
{[%clk 0:38:32]} 16. Be2 {[%clk 0:59:01]} h6 {[%clk 0:32:29]} 17. f4
{[%clk 0:58:33]} Nh7 {[%clk 0:26:19]} 18. f5 {[%clk 0:43:17]} Nf6
{[%clk 0:21:36]} 19. g4 {[%clk 0:43:26]} g5 {[%clk 0:21:45]} 20. Qg3
{[%clk 0:43:45]} Nd7 {[%clk 0:17:43]} 21. h4 {[%clk 0:43:41]} f6 {[%clk 0:18:07]}
22. Nd2 {[%clk 0:43:04]} Nc6 {[%clk 0:16:41]} 23. Nef3 {[%clk 0:43:03]} a5
{[%clk 0:14:04]} 24. Kg2 {[%clk 0:43:13]} b6 {[%clk 0:13:07]} 25. Rh1
{[%clk 0:42:26]} Bb7 {[%clk 0:12:34]} 26. a3 {[%clk 0:42:00]} Rh8
{[%clk 0:11:43]} 27. Qe1 {[%clk 0:40:18]} Qd6 {[%clk 0:11:17]} 28. Nf1
{[%clk 0:40:34]} Kf7 {[%clk 0:09:23]} 29. Ng3 {[%clk 0:40:33]} Rag8
{[%clk 0:09:52]} 30. hxg5 {[%clk 0:39:24]} hxg5 {[%clk 0:10:14]} 31. Qd2
{[%clk 0:39:25]} Qe7 {[%clk 0:10:23]} 32. Bd1 {[%clk 0:36:02]} Rxh1
{[%clk 0:10:14]} 33. Nxh1 {[%clk 0:36:25]} Ra8 {[%clk 0:08:04]} 34. Ba4
{[%clk 0:36:31]} Kg7 {[%clk 0:05:30]} 35. Nf2 {[%clk 0:35:50]} Rh8
{[%clk 0:04:22]} 36. Nh3 {[%clk 0:32:11]} Ndb8 {[%clk 0:02:08]} 37. Rh1
{[%clk 0:31:53]} Nd8 {[%clk 0:02:02]} 38. Rf1 {[%clk 0:31:23]} Kf8
{[%clk 0:01:19]} 39. Nf2 {[%clk 0:26:59]} Nf7 {[%clk 0:00:50]} 40. Rb1
{[%clk 0:26:29]} Kg7 {[%clk 0:00:58]} 41. Bb5 {[%clk 0:16:46]} Qc7
{[%clk 0:01:21]} 42. b4 {[%clk 0:15:22]} axb4 {[%clk 0:01:41]} 43. axb4
{[%clk 0:15:45]} Nd6 {[%clk 0:00:51]} 44. bxc5 {[%clk 0:15:32]} bxc5
{[%clk 0:01:20]} 45. Ba4 {[%clk 0:04:56]} Nf7 {[%clk 0:22:27]} 46. Nh3
{[%clk 0:29:16]} Na6 {[%clk 0:19:12]} 47. Nhxg5 {[%clk 0:24:54]} fxg5
{[%clk 0:19:04]} 48. Nxg5 {[%clk 0:25:17]} Nxg5 {[%clk 0:05:01]} 49. Qxg5+
{[%clk 0:25:36]} Kf8 {[%clk 0:05:27]} 50. Qf6+ {[%clk 0:23:52]} Kg8
{[%clk 0:05:48]} 51. Qg6+ {[%clk 0:20:12]} Kf8 {[%clk 0:06:10]} 52. Rb6
{[%clk 0:14:14]} Qh7 {[%clk 0:02:04]} 53. Qe8+ {[%clk 0:14:30]} 1-0

[Event "escc2023_50"]
[Site "?"]
[Date "2023.05.30"]
[Round "5.24"]
[White "Minnican, Alan"]
[Black "Melero Sanchez, Pere"]
[Result "1/2-1/2"]
[BlackElo "1890"]
[WhiteElo "2052"]
[LiveChessVersion "1.4.8"]

1. c4 {[%clk 1:30:38]} Nf6 {[%clk 1:30:51]} 2. g3 {[%clk 1:31:00]} e6
{[%clk 1:31:08]} 3. Bg2 {[%clk 1:31:13]} d5 {[%clk 1:31:15]} 4. Nf3
{[%clk 1:31:14]} Be7 {[%clk 1:31:32]} 5. b3 {[%clk 1:29:20]} O-O {[%clk 1:31:35]}
6. Bb2 {[%clk 1:29:35]} c5 {[%clk 1:31:17]} 7. e3 {[%clk 1:29:16]} Nc6
{[%clk 1:31:12]} 8. cxd5 {[%clk 1:27:19]} Nxd5 {[%clk 1:27:44]} 9. d4
{[%clk 1:22:15]} cxd4 {[%clk 1:22:49]} 10. Nxd4 {[%clk 1:17:15]} Nxd4
{[%clk 1:17:22]} 11. Bxd4 {[%clk 1:01:41]} Bb4+ {[%clk 1:15:59]} 12. Kf1
{[%clk 1:00:49]} e5 {[%clk 1:07:15]} 13. Qf3 {[%clk 0:52:39]} exd4
{[%clk 1:03:37]} 14. Qxd5 {[%clk 0:53:02]} dxe3 {[%clk 1:01:23]} 15. Qxd8
{[%clk 0:50:52]} Rxd8 {[%clk 1:01:51]} 16. fxe3 {[%clk 0:50:51]} Rb8
{[%clk 0:58:34]} 17. Kf2 {[%clk 0:48:21]} b6 {[%clk 0:53:36]} 18. a3
{[%clk 0:47:23]} Be7 {[%clk 0:52:27]} 19. Nc3 {[%clk 0:43:06]} Bf6
{[%clk 0:44:43]} 20. Rad1 {[%clk 0:40:47]} Bg4 {[%clk 0:41:24]} 21. Rxd8+
{[%clk 0:40:35]} Rxd8 {[%clk 0:41:16]} 22. Nd5 {[%clk 0:40:36]} 1/2-1/2

[Event "escc2023_50"]
[Site "?"]
[Date "2023.05.30"]
[Round "5.25"]
[White "Cmiel, Thorsten"]
[Black "Cziko, Eduard-Carol"]
[Result "1/2-1/2"]
[BlackElo "1885"]
[WhiteElo "2046"]
[LiveChessVersion "1.4.8"]

1. d4 {[%clk 1:30:52]} e6 {[%clk 1:30:42]} 2. c4 {[%clk 1:31:14]} Nf6
{[%clk 1:31:08]} 3. Nf3 {[%clk 1:30:30]} c5 {[%clk 1:31:32]} 4. g3
{[%clk 1:26:44]} cxd4 {[%clk 1:29:26]} 5. Nxd4 {[%clk 1:27:08]} e5
{[%clk 1:29:48]} 6. Nf3 {[%clk 1:26:58]} e4 {[%clk 1:30:11]} 7. Nd4
{[%clk 1:27:24]} d5 {[%clk 1:30:24]} 8. cxd5 {[%clk 1:27:02]} Qxd5
{[%clk 1:28:55]} 9. Nc3 {[%clk 1:27:16]} Bb4 {[%clk 1:26:10]} 10. Qa4+
{[%clk 1:22:04]} Nc6 {[%clk 1:26:35]} 11. Qxb4 {[%clk 1:16:47]} Qxd4
{[%clk 1:21:01]} 12. Qxd4 {[%clk 1:15:32]} Nxd4 {[%clk 1:20:40]} 13. Rb1
{[%clk 1:15:24]} e3 {[%clk 1:10:58]} 14. Bxe3 {[%clk 1:10:12]} Nc2+
{[%clk 1:10:54]} 15. Kd2 {[%clk 1:10:33]} Bf5 {[%clk 1:11:08]} 16. Rd1
{[%clk 1:10:46]} O-O-O+ {[%clk 1:10:26]} 17. Kc1 {[%clk 1:10:54]} Nxe3
{[%clk 1:10:22]} 18. fxe3 {[%clk 1:10:56]} Ng4 {[%clk 1:05:50]} 19. Bh3
{[%clk 1:11:06]} Nxe3 {[%clk 1:04:59]} 20. Bxf5+ {[%clk 1:11:15]} 1/2-1/2

[Event "escc2023_50"]
[Site "?"]
[Date "2023.05.30"]
[Round "5.26"]
[White "Zimmermann, Luc"]
[Black "Pagano, Sergio"]
[Result "1-0"]
[BlackElo "1853"]
[WhiteElo "2037"]
[LiveChessVersion "1.4.8"]

1. e4 {[%clk 1:30:56]} c6 {[%clk 1:30:51]} 2. d4 {[%clk 1:31:18]} d5
{[%clk 1:31:10]} 3. Nc3 {[%clk 1:31:45]} dxe4 {[%clk 1:31:30]} 4. Nxe4
{[%clk 1:32:06]} h6 {[%clk 1:31:54]} 5. Nf3 {[%clk 1:32:05]} Bf5 {[%clk 1:32:00]}
6. Nc5 {[%clk 1:32:12]} b6 {[%clk 1:25:57]} 7. Bd3 {[%clk 1:32:16]} Bg4
{[%clk 1:24:40]} 8. Ne4 {[%clk 1:28:39]} Bxf3 {[%clk 1:23:31]} 9. Qxf3
{[%clk 1:28:44]} Qxd4 {[%clk 1:23:28]} 10. O-O {[%clk 1:25:30]} Nf6
{[%clk 1:19:02]} 11. Re1 {[%clk 1:17:53]} e6 {[%clk 1:13:16]} 12. Bf4
{[%clk 1:09:31]} Nfd7 {[%clk 1:01:38]} 13. c3 {[%clk 0:47:52]} Qd5
{[%clk 1:00:51]} 14. Nd6+ {[%clk 0:36:51]} Bxd6 {[%clk 0:59:56]} 15. Be4
{[%clk 0:37:13]} Ne5 {[%clk 0:55:22]} 16. Bxe5 {[%clk 0:36:19]} Qxe5
{[%clk 0:55:38]} 17. Bxc6+ {[%clk 0:36:38]} Nxc6 {[%clk 0:54:52]} 18. Qxc6+
{[%clk 0:34:21]} Ke7 {[%clk 0:55:14]} 19. Rxe5 {[%clk 0:33:59]} Bxe5
{[%clk 0:55:37]} 20. Qb7+ {[%clk 0:32:11]} Kf6 {[%clk 0:55:36]} 21. Re1
{[%clk 0:29:03]} Bd6 {[%clk 0:53:55]} 22. Qf3+ {[%clk 0:27:21]} Ke7
{[%clk 0:53:55]} 23. Qb7+ {[%clk 0:27:50]} Kf6 {[%clk 0:54:14]} 24. Re3
{[%clk 0:28:04]} Rhf8 {[%clk 0:48:57]} 25. Rf3+ {[%clk 0:25:55]} Kg6
{[%clk 0:48:20]} 26. Qe4+ {[%clk 0:22:44]} Kg5 {[%clk 0:48:01]} 27. Qe3+
{[%clk 0:16:45]} 1-0

[Event "escc2023_50"]
[Site "?"]
[Date "2023.05.30"]
[Round "5.27"]
[White "Cristiani, Cesare"]
[Black "Giudici, Alberto"]
[Result "0-1"]
[BlackElo "1843"]
[WhiteElo "2025"]
[LiveChessVersion "1.4.8"]

1. d4 {[%clk 1:30:56]} Nf6 {[%clk 1:30:38]} 2. c4 {[%clk 1:31:18]} g6
{[%clk 1:30:40]} 3. f3 {[%clk 1:31:36]} d5 {[%clk 1:29:31]} 4. cxd5
{[%clk 1:31:57]} Nxd5 {[%clk 1:27:53]} 5. e4 {[%clk 1:32:17]} Nf6
{[%clk 1:27:12]} 6. Nc3 {[%clk 1:31:42]} Bg7 {[%clk 1:27:32]} 7. Be3
{[%clk 1:31:58]} O-O {[%clk 1:26:59]} 8. Qd2 {[%clk 1:31:47]} a6 {[%clk 1:25:20]}
9. a4 {[%clk 1:28:53]} b6 {[%clk 1:22:42]} 10. Bc4 {[%clk 1:26:48]} Bb7
{[%clk 1:22:34]} 11. Nh3 {[%clk 1:24:33]} c5 {[%clk 1:14:28]} 12. d5
{[%clk 1:20:29]} Nbd7 {[%clk 1:06:40]} 13. Nf2 {[%clk 1:18:17]} Ne5
{[%clk 0:52:20]} 14. Be2 {[%clk 1:18:32]} Qc8 {[%clk 0:39:58]} 15. h3
{[%clk 1:15:16]} Rd8 {[%clk 0:39:36]} 16. f4 {[%clk 1:14:53]} Nc6
{[%clk 0:39:38]} 17. Rd1 {[%clk 1:06:00]} Nd4 {[%clk 0:35:06]} 18. O-O
{[%clk 0:55:54]} e6 {[%clk 0:31:26]} 19. dxe6 {[%clk 0:54:11]} Qxe6
{[%clk 0:27:19]} 20. Bxd4 {[%clk 0:37:49]} Rxd4 {[%clk 0:21:53]} 21. Qc2
{[%clk 0:31:58]} Rad8 {[%clk 0:12:31]} 22. Bf3 {[%clk 0:30:55]} Bc6
{[%clk 0:07:40]} 23. Qe2 {[%clk 0:24:31]} Rxd1 {[%clk 0:06:23]} 24. Rxd1
{[%clk 0:21:30]} Rxd1+ {[%clk 0:06:28]} 25. Qxd1 {[%clk 0:21:37]} Qd7
{[%clk 0:05:20]} 26. e5 {[%clk 0:12:47]} Qxd1+ {[%clk 0:03:57]} 27. Bxd1
{[%clk 0:13:01]} Nd5 {[%clk 0:04:16]} 28. Bf3 {[%clk 0:10:36]} Nxc3
{[%clk 0:04:28]} 29. Bxc6 {[%clk 0:10:53]} Ne2+ {[%clk 0:04:45]} 30. Kf1
{[%clk 0:10:03]} Nxf4 {[%clk 0:05:08]} 31. g3 {[%clk 0:09:50]} Nh5
{[%clk 0:04:20]} 32. g4 {[%clk 0:07:23]} Nf4 {[%clk 0:04:41]} 33. b3
{[%clk 0:06:38]} Bxe5 {[%clk 0:04:57]} 34. Bb7 {[%clk 0:06:41]} a5
{[%clk 0:04:32]} 35. h4 {[%clk 0:06:52]} h5 {[%clk 0:02:49]} 36. g5
{[%clk 0:06:39]} f6 {[%clk 0:02:26]} 37. Be4 {[%clk 0:05:44]} fxg5
{[%clk 0:02:10]} 38. hxg5 {[%clk 0:06:06]} Bc7 {[%clk 0:01:23]} 39. Nd3
{[%clk 0:04:48]} Nxd3 {[%clk 0:01:03]} 40. Bxd3 {[%clk 0:05:09]} Kg7
{[%clk 0:01:13]} 41. Kg2 {[%clk 0:04:07]} Bf4 {[%clk 0:00:53]} 42. Kf3
{[%clk 0:04:29]} Bxg5 {[%clk 0:01:17]} 43. Ke4 {[%clk 0:04:52]} Kf6
{[%clk 0:27:48]} 44. Kd5 {[%clk 0:35:19]} Bd2 {[%clk 0:27:39]} 45. Kc6
{[%clk 0:35:32]} g5 {[%clk 0:27:45]} 46. Kxb6 {[%clk 0:35:56]} Bb4
{[%clk 0:28:07]} 0-1

[Event "escc2023_50"]
[Site "?"]
[Date "2023.05.30"]
[Round "5.28"]
[White "Hartmann, Wolfgang"]
[Black "Llopis De Aysa, Manuel"]
[Result "1/2-1/2"]
[BlackElo "2018"]
[WhiteElo "1944"]
[LiveChessVersion "1.4.8"]

1. c4 {[%clk 1:30:57]} g6 {[%clk 1:30:55]} 2. g3 {[%clk 1:31:18]} Bg7
{[%clk 1:31:17]} 3. Bg2 {[%clk 1:31:39]} e5 {[%clk 1:31:38]} 4. Nc3
{[%clk 1:31:54]} d6 {[%clk 1:31:32]} 5. e3 {[%clk 1:32:08]} Nf6 {[%clk 1:31:12]}
6. Nge2 {[%clk 1:32:11]} O-O {[%clk 1:31:08]} 7. O-O {[%clk 1:31:31]} c6
{[%clk 1:27:55]} 8. b3 {[%clk 1:25:16]} a5 {[%clk 1:16:32]} 9. Ba3
{[%clk 1:16:55]} Re8 {[%clk 1:11:14]} 10. d4 {[%clk 1:14:02]} e4 {[%clk 1:10:34]}
11. Rc1 {[%clk 1:12:19]} Bf5 {[%clk 1:09:22]} 12. Qd2 {[%clk 1:00:45]} Na6
{[%clk 0:48:06]} 13. h3 {[%clk 0:45:06]} h5 {[%clk 0:48:18]} 14. h4
{[%clk 0:45:18]} Rb8 {[%clk 0:45:58]} 15. d5 {[%clk 0:34:49]} c5 {[%clk 0:45:42]}
16. Bb2 {[%clk 0:33:10]} Nc7 {[%clk 0:40:28]} 17. Nf4 {[%clk 0:27:18]} b6
{[%clk 0:24:32]} 18. a4 {[%clk 0:23:04]} Re7 {[%clk 0:22:53]} 19. Nce2
{[%clk 0:22:31]} Nce8 {[%clk 0:22:38]} 20. Nc3 {[%clk 0:21:06]} Nd7
{[%clk 0:20:05]} 21. Nb5 {[%clk 0:19:29]} Bxb2 {[%clk 0:17:31]} 22. Qxb2
{[%clk 0:19:52]} Rb7 {[%clk 0:17:01]} 23. Kh2 {[%clk 0:18:23]} Ne5
{[%clk 0:16:41]} 24. Qc2 {[%clk 0:15:29]} Nf6 {[%clk 0:16:22]} 25. Nc3
{[%clk 0:14:50]} Re8 {[%clk 0:14:56]} 26. Kh1 {[%clk 0:15:06]} Ned7
{[%clk 0:12:38]} 27. Qd2 {[%clk 0:12:47]} Qe7 {[%clk 0:11:40]} 28. Rce1
{[%clk 0:12:25]} Ne5 {[%clk 0:09:08]} 29. Nce2 {[%clk 0:11:36]} Bg4
{[%clk 0:08:38]} 30. Ng1 {[%clk 0:11:54]} Qf8 {[%clk 0:06:14]} 31. Qc2
{[%clk 0:10:23]} Rbe7 {[%clk 0:05:40]} 32. Bh3 {[%clk 0:09:48]} Bf3+
{[%clk 0:03:58]} 33. Nxf3 {[%clk 0:09:50]} Nxf3 {[%clk 0:04:19]} 34. Rd1
{[%clk 0:07:54]} Ne5 {[%clk 0:03:22]} 35. Bg2 {[%clk 0:07:51]} Neg4
{[%clk 0:03:31]} 36. Nh3 {[%clk 0:07:40]} Nh7 {[%clk 0:02:30]} 37. Nf4
{[%clk 0:07:15]} Nhf6 {[%clk 0:02:41]} 38. Nh3 {[%clk 0:07:33]} Nh7
{[%clk 0:03:09]} 39. Nf4 {[%clk 0:07:52]} Qg7 {[%clk 0:03:21]} 40. Rc1
{[%clk 0:07:29]} Re5 {[%clk 0:01:48]} 41. Bh3 {[%clk 0:02:48]} Ngf6
{[%clk 0:23:16]} 42. Qe2 {[%clk 0:29:52]} Qh6 {[%clk 0:16:31]} 43. Kg2
{[%clk 0:27:28]} g5 {[%clk 0:11:15]} 44. hxg5 {[%clk 0:27:43]} Nxg5
{[%clk 0:11:08]} 45. Rh1 {[%clk 0:28:00]} Nf3 {[%clk 0:10:43]} 46. Kf1
{[%clk 0:26:46]} Rg5 {[%clk 0:06:14]} 47. Bg2 {[%clk 0:26:02]} Ne5
{[%clk 0:06:37]} 48. Ke1 {[%clk 0:25:18]} Neg4 {[%clk 0:05:03]} 49. Kd2
{[%clk 0:24:44]} Ree5 {[%clk 0:04:33]} 50. Rh4 {[%clk 0:23:38]} Kf8
{[%clk 0:04:10]} 51. Rch1 {[%clk 0:23:30]} Qg7 {[%clk 0:03:46]} 52. Bh3
{[%clk 0:20:52]} Nh6 {[%clk 0:03:40]} 53. Rg1 {[%clk 0:19:02]} Ke7
{[%clk 0:03:06]} 54. Kc2 {[%clk 0:19:03]} Kd8 {[%clk 0:03:18]} 55. Rh1
{[%clk 0:19:23]} Kc7 {[%clk 0:03:08]} 56. Rf1 {[%clk 0:19:04]} Nhg4
{[%clk 0:01:36]} 57. Rh1 {[%clk 0:13:57]} Nh6 {[%clk 0:01:54]} 58. Rf1
{[%clk 0:14:21]} Nhg4 {[%clk 0:02:09]} 59. Bxg4 Rxg4 {[%clk 0:01:34]} 1/2-1/2